00414 2200157 4500001002100000005001500021035002000036245007100056100001500127300001200142260004600154082000800200084001400208020002200222990001200244INLIS00000000000261120250605023516 a0010-06250001971 aSuper Modul KSN Matematika 4 :bBank Soal Matematika /cAmak Asofi0 aAmak Asofi a199 hlm aJakarta :bPT. Jakarta Sains Media,c2022 a510 a510 AMA s a978-623-6111-19-2 a0754847